Central Library OPAC University of Rajshahi

Clothing for moderns / (Record no. 14370)

MARC details
000 -LEADER
fixed length control field 00799nam a22002772a 4500
001 - CONTROL NUMBER
control field 14370
003 - CONTROL NUMBER IDENTIFIER
rucl marc code BD-RjUL
005 - DATE AND TIME OF LATEST TRANSACTION
control field 20211208235621.0
008 - FIXED-LENGTH DATA ELEMENTS--GENERAL INFORMATION
fixed length control field 140205s1964 nyua b 001 0 eng d
035 ## - SYSTEM CONTROL NUMBER
System control number (BD-RjUL)14422
040 ## - CATALOGING SOURCE
Original cataloging agency DLC
Transcribing agency DLC
Modifying agency OCL
-- EQO
-- BD-RjUL
Language of cataloging eng
041 ## - LANGUAGE CODE
Language code of text/sound track or separate title eng
082 00 - DEWEY DECIMAL CLASSIFICATION NUMBER
Classification number 646
Author mark and year ERC 1964
100 1# - MAIN ENTRY--PERSONAL NAME
Personal name Erwin, Mabel Deane.
9 (RLIN) 44842
245 10 - TITLE STATEMENT
Title Clothing for moderns /
Statement of responsibility, etc. by Mabel D. Erwin and Lila A. Kinchen
250 ## - EDITION STATEMENT
Edition statement 3rd ed
260 ## - PUBLICATION, DISTRIBUTION, ETC. (IMPRINT)
Place of publication, distribution, etc. New York :
Name of publisher, distributor, etc. Macmillan,
Date of publication, distribution, etc. 1964.
300 ## - PHYSICAL DESCRIPTION
Pagination v, 600 p. :
Illustrations ill.;
Size 24 cm
504 ## - BIBLIOGRAPHY, ETC. NOTE
Bibliography, etc Includes bibliographical references and index.
650 #0 - SUBJECT ADDED ENTRY--TOPICAL TERM
Topical term or geographic name as entry element Dressmaking
9 (RLIN) 44843
Topical term or geographic name as entry element Clothing and dress
9 (RLIN) 44162
700 1# - ADDED ENTRY--PERSONAL NAME
Personal name Kinchen, Lila A.
942 ## - ADDED ENTRY ELEMENTS (KOHA)
Source of classification or shelving scheme Dewey Decimal Classification
Koha item type Books
Holdings
Lost status Source of classification or shelving scheme Damaged status Not for loan Collection code Permanent Location Current Location Shelving location Date acquired Source of acquisition Cost, normal purchase price Total Checkouts Full call number Date last seen Copy number Koha item type
  Dewey Decimal Classification   Not For Loan Non-fiction Central Library, University of Rajshahi Central Library, University of Rajshahi Reading Room 06/05/1967 American BPS Agency. 85.00   646 ERC 1964 05/02/2014 C-1 Books